000 00773nam a2200277 a 4500
999 _c4107
_d4107
001 4107
003 BD-JhCC
005 20171123170219.0
008 171122r20072004ii a|||| |||| 000 0 eng d
020 _a8170339030 (hardcover)
_c8170339049 (paperback)
035 _a(BD-JhCC)4107
040 _aBD-JhCC
_dBD-JhCC
041 _aeng
082 _223
_a911
_bHUS 2007
100 _aHusain, Majid
245 _aEvolution of geographical thought /
_cMajid Husain.
250 _a5th Edi.
260 _aJaipur :
_bRawat Publications,
_c2007.
300 _a500 p. :
_billus.,
_c22 cm.
504 _aIncludes Bibliographical Reference.
650 _aGeography
650 _aGeography
_xMethodology
650 _aGeography
_xPhilosophy
942 _2ddc
_cBK